| 000 | 00501nam a2200181Ia 4500 | ||
|---|---|---|---|
| 008 | 151202s9999||||xx |||||||||||||| ||und|| | ||
| 082 | _bPNVM-37517 | ||
| 100 | _aHOUSEMAN LAURENCE. | ||
| 245 | _aVICTORIA REGINA A DRAMATIC BIOGRAPHY. | ||
| 260 | _bJONATHAN LONDON. | ||
| 260 | _c1937 | ||
| 300 | _a470 | ||
| 600 | _aHOUSEMAN LAURENCE. | ||
| 630 | _aVICTORIA REGINA A DRAMATIC BIOGRAPHY. | ||
| 700 | _aHOUSEMAN LAURENCE. | ||
| 730 | _aVICTORIA REGINA A DRAMATIC BIOGRAPHY. | ||
| 942 | _cBOOK | ||
| 999 |
_c1303469 _d1303466 |
||